00495nam a22001577a 4500010001500000020002600015035001400041037000900055082001400064100002300078245005400101260003100155270009200186300003500278700002400313 aENG-143726 a9788197759024c895.00 aEN-127258 bDBAD a344.54046 aLeelakrishnan , P. aEnvironmental Law in India /cby P. Leelakrishnan aHaryanabLexis Nexisc2025 a4th Floor, Building No.10, Tower-B, DLF Cyber City, Phase-II Gurgaon,bHaryanae 122002 axliv,479p.:billus.c24cm(Pbk) aYogesh Pratap Singh